000 00826nam a2200217 a 4500
001 BRCA_2583
005 20190320203857.0
008 271108s1935----enka---###---#000-0#eng-u
050 4 _aNE1030
_b.H56 1935
100 1 _aHind, Arthur Mayger
_97378
245 1 0 _aAn introduction to a history of woodcut
_bwith a detailed survey of work done in the fifteenth century
_cby Arthur Mayger Hind.
260 _aLondon
_bConstable
_c1935
300 _a2 v.
_bil.
_c26 cm.
500 _aA52
505 0 _aContenido: v. I The primitives, single cuts and block-books. -- v. II Book- illustration and contemporary single cuts.
650 1 4 _aLibros ilustrados
_vBibliografía
_ySiglos XV y XVI
_97379
650 1 4 _aGrabado en madera
_xHistoria
_97363
650 1 4 _aLibros ilustrados
_ySiglos XV y XVI
_97380
902 _aGFM
942 _2lcc
_cB
999 _c2323
_d2323